| 000 | 00676nam a2200217 a 4500 | ||
|---|---|---|---|
| 001 | 000019663 | ||
| 005 | 20200929170108.0 | ||
| 008 | 100702s1965 sp r 000 f spa d | ||
| 040 |
_aDO-SdBNP _bspa _cBNPHU |
||
| 082 |
_a861.42 _bO491j |
||
| 100 | 1 |
_aOlivier, Stefan, _d1917- _942109 |
|
| 245 | 1 | 0 |
_aJuro y prometo : _bnovela / _cStefan Olivier ; traducción Hortensia Murdoch. |
| 260 |
_aBarcelona : _bEditorial Planeta, _c1965. |
||
| 300 |
_a346 p. ; _c19 cm. |
||
| 490 | 1 | _aColección luyve | |
| 650 | 4 |
_aNovela española _91123 |
|
| 650 | 4 |
_aLiteratura española _9632 |
|
| 700 | 1 |
_aMurdoch, Hortensia, _etr. _942110 |
|
| 830 | 0 |
_aColección luyve _942111 |
|
| 049 | _aBNGR | ||
| 999 |
_c19179 _d19179 |
||